zpět

Detail výsledku týmu

AC klub, Hradec Králové

Datum a čas kvízu

21 Celkem bodů Celkový počet nahraných bodů na tomto kvízu bez doplňovacích otázek.
6. Pořadí na kvízu Konečné umístění týmu na tomto kvízu.

Zaznamenané odpovědi

# Otázka Odpověď Body Výsledky
1. Praha plánuje přejmenovat námě... Boris Němcov 0
2. Ve Spojených státech začaly mi... Iowa 0
3. Jak se jmenuje 32letý muž, jen... Ben Cristovao 1
4. Svět mobilních telefonů minulý... Blackberry 0
5. Lodivod české mužské basketbal... Ronen Ginzburg 0
6. Další díl naší cesty kolem svě... Washington, Wisconsin, Wyoming 1
7. Ve kterém roce došlo dne 4. če... v roce 1776 0
8. Fakt, že se ve Spojených státe... 1B 2D 3A 4C 0
9. Která řeka "vyřezala" do kraji... A 1
10. Ze Spojených států pochází nep... Katy Perry 0